4 Books, 1 Thing in Common Quiz Stats

 Plays Quiz Updated Feb 11, 2018

Challenge
Share
Tweet
Embed
Score 0/16 Timer 05:00
7 Plays Today
% Correct
Title character is an animal
92.7%
Middle of a trilogy
89%
World War I
88%
Dystopias
85.7%
Film adaptation won Best Picture
85.3%
Baseball
84.5%
Female celebrity memoirs
75.1%
Stephen King novels
73.7%
% Correct
African-American authors
70.8%
Unreliable narrators
67.4%
Over 1,000 pages long
66.8%
Cannibalism
65%
Published posthumously
61.6%
Short story collections
61.2%
Death is a character
59.1%
Won both a Hugo and a Nebula award
50.7%

You're not logged in!

Compare scores with friends on all Sporcle quizzes.
OR
Log In

You Might Also Like...

Show Comments

Extras

Top Quizzes Today


Score Distribution

Your Account Isn't Verified!

In order to create a playlist on Sporcle, you need to verify the email address you used during registration. Go to your Sporcle Settings to finish the process.

Report this User

Report this user for behavior that violates our Community Guidelines.

Details: